000 00440nam a2200181Ia 4500
001 9674
005 20260306161735.0
008 260306t2000||||xx |||||||||||||| ||spa||
041 _aESP
082 _aS 389.15
_bD16
100 _aDajes Castro, José
_eAUT
245 0 _aSistema internacional de unidades de medida
260 _c2000
300 _a212 páginas :
_c21 cm.
650 _aGEN
654 _aCHU
942 _cLIB
_dJUS
_fJUS
_2ddc
_n
999 _c9674
_d9674